01622nam a22003135a 450000100090000000300090000900500170001800800410003502000250007604000430010104300120014408200190015610000530017524500440022826400350027230000220030733600260032933700280035533800270038350502400041052004110065065000100106165100360107165300260110765500240113394200120115799900170116995201220118615566248EG-ScBUE20220125110608.0081223t2015 nyu f 000 1 eng d a9781519713261 (pbk.) aEG-ScBUEbengerdacEG-ScBUEdEG-ScBUE ae-it---04a823.6bRAD2221 aRadcliffe, Ann Ward,d1764-1823,eauthor.94185612aA Sicilian romance /cby Ann Radcliffe. 1aNew York :bCrow Press,c2015. a1 volume ;c20 cm 2rdacontentatextbtxt 2rdamediaaunmediatedbn 2rdacarrieravolumebnc0 aTitle; Contents; A Sicilian Romance; Chapter I; Chapter II; Chapter III; Chapter IV; Chapter V; Chapter VI; Chapter VII; Chapter VIII; Chapter IX; Chapter X; Chapter XI; Chapter XII; Chapter XIII; Chapter XIV; Chapter XV; Chapter XVI.  aA Sicilian Romance is an early novel by one of the masters of Gothic fiction, Ann Radcliffe. Two young women live in an isolated mansion near the Straits of Messina. Mysterious sights and sounds begin haunting a neglected wing of the house, and their quest to discover the truth behind these mysteries leads them through the labyrinthine landscape of Sicily and into the darkest secrets of its aristoracy.  2BUEsh 7aSicily (Italy)vFiction.2BUEsh bHHUUEENNcOctober2018 vReading book934232 2ddccBB c26918d26890 00102ddc40708BaccahaMAINbMAINc2NDd2018-10-31ePurchaseg220.00o823.6 RADp000043714r2025-07-15 00:00:00yBB